MDQL
is popping MORE tags! Check the
thread
!
Quizzes
Events
Quiz Creation
Community
Videos
Private Events
Remove Ads
Sign In
Join for FREE
Feedback
Dark Mode
Quiz Categories
Sports
Geography
Music
Movies
Television
Just For Fun
Miscellaneous
History
Literature
Language
Science
Gaming
Entertainment
Religion
Holiday
For Kids
Quiz Lab
Recent
Popular Today
Quiz Kudos Today
Editor Picks
Curator Picks
Quizzes by...
Day
Popularity
Type
Ratings
Length
Year
Community
Subscriptions
Recent Discussions
Orange Saloon
Badges
Playlists
Quests
Create
Leaderboards
Showdown
Live 5
Trivia Bingo
Activity
Puzzle Library
Sporcle Events
Private Events
Virtual Trivia
Globe League
Become a Host
Pub Owners
SporcleCon
Opinionation
Our Games
Videos
Blog
Mobile Apps
Partnerships
Remove Ads and Go Orange
Feedback
Literature
Harry Potter
A Song of Ice and Fire
The Hunger Games
Literary Character
Shakespeare
Book
Author
Novel
Poem
Young Adult
Children's Books
Play
Lord of the Rings
Literature
Harry Potter
A Song of Ice and Fire
The Hunger Games
Literary Character
Shakespeare
Book
Author
Novel
Poem
Young Adult
Children's Books
Play
Lord of the Rings
Random Quiz
Search Sporcle
×
Quiz Lab
Quiz Lab
Literature
Villains
Type in answers that appear in a list
Type in answers that appear in a list
Classic
Best Score? Go Orange.
50 Greatest Villains in Literature Stats
Can you name the 50 Greatest Villains in Literature according to The Telegraph?
By
swordhandler
5m
50 Questions
327 Plays
327 Plays
327 Plays
Comments
Comments
Give Quiz Kudos
Give Quiz Kudos
-
- Ratings
hide this ad
Replay
Link that replays current quiz
Next Quiz
Link to next quiz in quiz playlist
You Got
0%
They Got
Avg Score
27%
Avg Friend Score
Upgrade to see
Score Distribution
Jump to the score distribution portion of the page
Score
0/50
Timer
05:00
0
Plays Today
Literary Work
Villain
% Correct
Harry Potter
Voldemort
85.3%
The Hundred and One Dalmations
Cruella de Vil
84.4%
Dracula
Count Dracula
82%
Othello
Iago
75.8%
Strange Case of Dr Jekyll and Mr Hyde
Mr Hyde
72.5%
Batman
The Joker
69.1%
The Lord of the Rings
Sauron
69.1%
Paradie Lost
Satan
64.5%
The Lion, the Witch and the Wardrobe
The White Witch
55.4%
Moby Dick
Ahab
53.2%
Treasure Island
Long John Silver
50.8%
Peter and Wendy
Captain Hook
48.3%
The Jungle Book
Shere Khan
47.7%
Hamlet
Claudius
47.4%
Red Dragon
Hannibal Lecter
45.6%
The Call of Cthulhu
Cthulhu
44.6%
American Psycho
Patrick Bateman
42.8%
Heart of Darkness
Mr Kurtz
35.8%
Beowulf
Grendel's Mother
30%
James Bond
Ernst Stavro Blofeld
29.7%
Nineteen Eighty-
Four
O'Brien
23.9%
Oliver Twist
Bill Sikes
22.9%
Rebecca
Mrs Danvers
22%
King Lear
Edmund
19.6%
The Final Problem
Moriarty
15.9%
Literary Work
Villain
% Correct
The Talented Mr Ripley
Tom Ripley
14.7%
Blood Meridian
The Judge
12.2%
His Dark Materials trilogy
Mrs Coulter
11.6%
Catch 22
Milo Minderbinder
11.3%
The Tale of Samuel Whiskers
Samuel Whiskers
11%
Tess of the d'Urbervilles
Alec d'Urberville
11%
Trilby
Svengali
9.8%
Lolita
Clare Quilty
8.9%
The Jew of Malta
Barabas
7.6%
Brighton Rock
Pinkie Brown
7.3%
The Duchess of Malfi
Ferdinand
6.4%
The Woman in White
Count Fosco
6.4%
The Handmaid's Tale
Fred
6.4%
Titus Groan and Gormenghast
Steerpike
6.1%
El Burlador de Sevilla
Don Juan
4.6%
The Old Curiosity Shop
Quilp
4.3%
The Monk
Ambrosio
4%
Clarissa
Robert Lovelace
3.1%
The Private Memoirs and Confessions of a Justified Sinner
Gil-Martin
3.1%
The Revenger's Tragedy
Vindice
1.8%
Les Liaisons Dangereuses
Marquise de Merteuil
1.5%
The Mysteries of Udolpho
Signor Montoni
1.2%
The Way We Live Now
Augustus Melmotte
0.9%
A Voyage to Arcturus
Surtur in a Voyage
0.6%
Farewell, My Lovely
Helen Grayle
0%
Quiz Playlist
Details
Report
Send in Message
Add To Playlist
Classic:
Type in answers that appear in a list
Quiz Source
Last Updated: Feb 16, 2017
Quiz Scoreboard
CHALLENGE
Sign Up to Join the Scoreboard
Show All
Scores
Hide
Comments
May contain spoilers
Recently Published
Colored Red Africa Blitz
by spor1
Geography
30s
Find the 'City' Movie
by crazypaving
Movies
60s
5x2 Blitz: Bands
by SL_Kpop136
Music
30s
More to Explore
Quiz From the Vault
Featured Blog Post
14 Easter Pick-up Lines to Find Eggs With
hide this ad
You Might Also Like...
Tags
Villains
Today's Top Quizzes in Literature
Browse Literature
hide this ad
Today's Top Quizzes in Villains
Browse Villains
Top Contributed Quizzes in Literature
1
Sneaky Slytherin Logic Puzzle
2
One Thing in Common: Literature II
3
A Series of Unfortunate Events logic puzzle
4
Harry Potter Clickable Logic Puzzle #4
5
Multi-Category Minefield Blitz: Hunger Games
6
Harry Potter logic puzzle: Forensics Investigation
7
10-to-1 Game Of Thrones
8
10 Layers of Google Translate: Stephen King Books
9
Hunger Games Tributes Logic Puzzle
10
Characters With Most Lines in 'Catching Fire'
Explore More
Trending Topics
Disney
Anime
NBA
Harry Potter
Marvel
Crossword
Kpop
Country
The Office
Soccer
Puzzle
WWE
Song
NFL
Pokémon
hide this ad
More By:
swordhandler
Quiz
Plays
Rating
Category
Featured
Created
Game of Thrones TV Quotes
65,741
4.20
Television
Aug 12, 2011
Downton Abbey Characters
24,805
4.59
Television
Oct 27, 2011
A Big History Quiz
4,993
4.64
History
Jan 1, 2016
ASOIAF character by three clues
4,713
4.19
Language
Sep 12, 2013
The Walking Dead: Who said it?
2,639
5.00
Television
Jul 18, 2013
Go to Creator's Profile
Score Distribution
Quiz Creator Spotlight
swordhandler
Follow
Send a Message
Quizzes Created
-
Created Quiz Play Count
-
More By This Creator
Popular Quizzes Today
1
Find the 'City' Movie
2
5x2 Blitz: Bands
3
Colored Red Africa Blitz
4
Find the US States - No Outlines Minefield
5
The Countries of the World
6
Find the US States
7
9x9 Crossword: Cartoon Network
8
US States
More Literature Quizzes
Harry Potter 200 - Five Letters
Quiz Lab
Trending Quizzes
Colored Red Europe Blitz I
Colored Red Africa Blitz II
Colored Red Europe Blitz III
Colored Red Europe Blitz II
Colored Red Africa Blitz III
Recently Updated
Champions League XIs: Real Madrid
pecheneg
Largest US Cities 1790-2010
pecheneg
Rides in Walt Disney World
pecheneg
Most Oscar Losses (Acting)
pecheneg
Beyoncé Albums
pecheneg
Leaping Animals
pecheneg
Reality TV Shows (A-Z)
bhenderson79
Rickey Henderson's Hall of Fame Teammates
pecheneg
Champions League XIs: Arsenal
pecheneg
Quick Pick: Celebrities in WWE's Hall of Fame
aduchscher
Trending Topics
Harry Potter
NBA
Kpop
Anime
Marvel
Disney
Crossword
Pokémon
Soccer
NFL
Country
The Office
WWE
Puzzle
Song
Your Account Isn't Verified!
In order to create a playlist on Sporcle, you need to verify the email address you used during registration. Go to your
Sporcle Settings
to finish the process.
Report this User
Report this user for behavior that violates our
Community Guidelines
.
Details:
Send Report
Go to the Sporcle.com Mobile Site →
Comments